LEADER 02988nam 2200625 450 001 9910459249703321 005 20200520144314.0 010 $a1-282-66678-9 010 $a9786612666780 010 $a1-4441-1877-3 035 $a(CKB)2670000000031587 035 $a(EBL)564802 035 $a(OCoLC)664233058 035 $a(SSID)ssj0000418587 035 $a(PQKBManifestationID)12110697 035 $a(PQKBTitleCode)TC0000418587 035 $a(PQKBWorkID)10377431 035 $a(PQKB)10546035 035 $a(MiAaPQ)EBC564802 035 $a(Au-PeEL)EBL564802 035 $a(CaPaEBR)ebr11164980 035 $a(CaONFJC)MIL266678 035 $a(EXLCZ)992670000000031587 100 $a20160427h20022002 uy 0 101 0 $aeng 135 $aur|n|---||||| 181 $ctxt 182 $cc 183 $acr 200 10$aGerman grammar in context $eanalysis and practice /$fCarol Fehringer 210 1$aLondon, [England] :$cArnold,$d2002. 210 4$d©2002 215 $a1 online resource (241 p.) 300 $aDescription based upon print version of record. 311 $a0-340-76310-8 320 $aIncludes bibliographical references and index. 327 $aCover; Book title; Contents; Foreword; Acknowledgements; List of grammatical terms; 1 Gender; 2 Noun plurals; 3 Case; 4 Use of articles; 5 Adjectives; 6 Comparatives and superlatives; 7 Personal pronouns and possessives; 8 Demonstratives; 9 Relative pronouns; 10 Present tense; 11 Imperative; 12 Past tense; 13 Perfect tense; 14 Pluperfect tense; 15 Future; 16 Conditional; 17 Subjunctive in reported speech; 18 Passive; 19 Separable verbs; 20 Reflexive verbs; 21 Infinitives and modal verbs; 22 Negation; 23 Questions; 24 Prepositions; 25 Conjunctions; 26 Word order; 27 Word formation 327 $a28 Punctuation and spellingAppendix 1: Common strong and irregular verbs; Appendix 2: Article and adjective endings; Appendix 3: Revision texts; Appendix 4: Key to exercises; Appendix 5: Key to revision texts; Recommended reading; Index 330 $aGerman Grammar in Context takes key areas of German grammar and studies each within the context of an authentic text. Each chapter deals with a specific element of grammar which is highlighted in the text so that attention is drawn specifically to it. The reader is then given the opportunity to test understanding with a series of exercises. 606 $aGerman language$xGrammar 606 $aGerman language$vTextbooks for foreign speakers$xEnglish 606 $aGerman language$xGrammar$vProblems, exercises, etc 608 $aElectronic books. 615 0$aGerman language$xGrammar. 615 0$aGerman language$xEnglish. 615 0$aGerman language$xGrammar 676 $a438.2421 700 $aFehringer$b Carol$0979558 801 0$bMiAaPQ 801 1$bMiAaPQ 801 2$bMiAaPQ 906 $aBOOK 912 $a9910459249703321 996 $aGerman grammar in context$92233826 997 $aUNINA LEADER 04380nam 22007575 450 001 996496566903316 005 20231110214539.0 010 $a3-11-071736-0 024 7 $a10.1515/9783110717365 035 $a(CKB)5580000000395278 035 $a(DE-B1597)567172 035 $a(DE-B1597)9783110717365 035 $a(MiAaPQ)EBC7127849 035 $a(Au-PeEL)EBL7127849 035 $a(OCoLC)1337159094 035 $a(MiAaPQ)EBC30464195 035 $a(Au-PeEL)EBL30464195 035 $a(EXLCZ)995580000000395278 100 $a20221107h20222022 fg 101 0 $aeng 135 $aur||||||||||| 181 $ctxt$2rdacontent 182 $cc$2rdamedia 183 $acr$2rdacarrier 200 00$aComplexities of Spiritual Care in Plural Societies $eEducation, Praxis and Concepts /$fed. by Anne Hege Grung 205 $a1st ed. 210 1$aBerlin ;$aBoston : $cDe Gruyter, $d[2022] 210 4$d©2022 215 $a1 online resource (VI, 273 p.) 225 0 $aStudies in Spiritual Care ,$x2511-8838 ;$v8 311 $a3-11-071723-9 327 $tFrontmatter -- $tTable of Contents -- $tComplexities of spiritual care in plural societies: An introduction -- $tShifting concepts of pastoral care in the Christian tradition: from the past to the present to the future -- $tThe authority of Norwegian hospital chaplains -- $tBuddhist Chaplaincy and Care Practices -- $tThe Islamic theology behind spiritual care and hospital chaplaincy -- $tDevelopment of Muslim spiritual care (Seelsorge) in Germany Challenges and perspectives -- $tFemale voices in Islamic spiritual care: Tensions and achievements -- $tSpiritual care in an interfaith context: Implications for Buddhist, Muslim, and Hindu spiritual care in the Netherlands -- $tExistential public health and existential care in secular and interfaith contexts -- $tUncomfortable wholeness: Buddhist chaplaincy education at a Protestant seminary -- $tList of Contributors -- $tIndex 330 $aThis volume contributes to an emerging field that could be referred to as "plural spiritual care and chaplaincy". It's innovative approach brings together contributions from a broad range of contexts and religious traditions and includes empirical work and conceptual explorations. It helps to fill the gap between practices and developments related to plural spiritual care and chaplaincy in the scholarly discourse. 410 0$aStudies in Spiritual Care 606 $aSpiritual care (Medical care) 606 $aTranscultural medical care 606 $aRELIGION / Christian Ministry / Counseling & Recovery$2bisacsh 610 $aExistential health. 610 $aInterreligious chaplaincy. 610 $aSpiritual Care. 610 $awelfare. 615 0$aSpiritual care (Medical care). 615 0$aTranscultural medical care. 615 7$aRELIGION / Christian Ministry / Counseling & Recovery. 676 $a201.7621 702 $aBaig$b Naveed, $4ctb$4https://id.loc.gov/vocabulary/relators/ctb 702 $aBråten$b Beret, $4ctb$4https://id.loc.gov/vocabulary/relators/ctb 702 $aCoppens$b Pieter, $4ctb$4https://id.loc.gov/vocabulary/relators/ctb 702 $aGrung$b Anne Hege, $4edt$4http://id.loc.gov/vocabulary/relators/edt 702 $aHege Grung$b Anne, $4ctb$4https://id.loc.gov/vocabulary/relators/ctb 702 $aIsgandarova$b Nazila, $4ctb$4https://id.loc.gov/vocabulary/relators/ctb 702 $aLalbahadoersing$b Bikram, $4ctb$4https://id.loc.gov/vocabulary/relators/ctb 702 $aLauwers$b Stef, $4ctb$4https://id.loc.gov/vocabulary/relators/ctb 702 $aLiefbroer$b Anke I., $4ctb$4https://id.loc.gov/vocabulary/relators/ctb 702 $aMelder$b Cecilia, $4ctb$4https://id.loc.gov/vocabulary/relators/ctb 702 $aRoloff$b Carola, $4ctb$4https://id.loc.gov/vocabulary/relators/ctb 702 $aSchröer$b Jussra, $4ctb$4https://id.loc.gov/vocabulary/relators/ctb 702 $aSnyder$b Gregory, $4ctb$4https://id.loc.gov/vocabulary/relators/ctb 702 $aSpeelman$b Gé, $4ctb$4https://id.loc.gov/vocabulary/relators/ctb 702 $aYon Pak$b Su, $4ctb$4https://id.loc.gov/vocabulary/relators/ctb 801 0$bDE-B1597 801 1$bDE-B1597 906 $aBOOK 912 $a996496566903316 996 $aComplexities of Spiritual Care in Plural Societies$92967068 997 $aUNISA